000 00498nam a22001697a 4500
005 20251108172035.0
008 250721s9999 xx 000 0 ara d
082 1 4 _a519.73/محم
100 1 _aالصفدي، محمد سالم
245 1 0 _aالبرمجة الخطية و بحوث العمليات /
264 1 _aالكويت :
_bوكالة المطبوعات،
300 _a384ص
650 1 7 _aالبرمجة الخطية
650 1 7 _aالبحوث
942 _2ddc
_cBK
999 _c68928
_d68928